000 01062nam a22002897a 4500
001 78126
003 BD-RjUL
005 20211209083107.0
008 210323s1985 bg ||||| |||| 00| 0 ben d
020 _c: Tk. 15.00
035 _a(BD-RjUL)78352
040 _aBD-RjUL
_bben/eng
_cBD-RjUL
041 _aben
082 _223
_a394.26
_bRAU 1985
100 _aরহমান, আতোয়ার
_9246485
245 1 0 _aউৎসব /
_cআতোয়ার রহমান
260 _aঢাকা:
_bবাংলা একাডেমী,
_c১৯৮৫
300 _a১০৩, [১] পৃ. ;
_c১৯ সেি.
490 _aভাষা-শহীদ গ্রন্থমালা
490 _aবা/এ ;
_v১৭৭৩
504 _a"বইয়ের শেষে গ্রন্থপঞ্জি রয়েছে।"
650 _aউৎসব
_9246486
650 _aFestivals
_9246487
830 _aভাষা-শহীদ গ্রন্থমালা
_9246490
830 _aবা/এ ;
_v১৭৭৩
_9246491
942 _2ddc
_cBK
999 _c78126
_d78126